Capitales de México - Estadísticas

Estadísticas generales
  • Esta prueba ha sido intentada 3.673 veces
    1.295 desde el último reinicio
  • La puntuación promedio es 21 de 31
Estadísticas de respuestas
Estado Capital % Correcto
Nuevo León Monterrey
89%
Jalisco Guadalajara
88%
Aguascalientes Aguascalientes
87%
Puebla Puebla
84%
Chihuahua Chihuahua
83%
Oaxaca Oaxaca
80%
Querétaro Querétaro
79%
Colima Colima
78%
Durango Durango
78%
Yucatán Mérida
78%
Guanajuato Guanajuato
77%
Campeche Campeche
74%
San Luis Potosí San Luis Potosí
73%
Zacatecas Zacatecas
71%
Baja California Sur La Paz
70%
Tlaxcala Tlaxcala
70%
Baja California Mexicali
63%
Sinaloa Culiacán
62%
Michoacán Morelia
62%
Estado de México Toluca
61%
Sonora Hermosillo
58%
Hidalgo Pachuca
58%
Nayarit Tepic
57%
Morelos Cuernavaca
52%
Veracruz Xalapa
52%
Quintana Roo Chetumal
51%
Coahuila Saltillo
51%
Tamaulipas Ciudad Victoria
50%
Chiapas Tuxtla Gutiérrez
50%
Guerrero Chilpancingo
48%
Tabasco Villa Hermosa
46%
No se encontraron pruebas coincidentes
Distribución de puntuación
Porcentaje de gente con cada puntuación
Porcentaje por número respondido
Historial de tus puntuaciones
No has intentado esta prueba desde el último reinicio